00323nam a2200133Ia 4500008004100000020001500041041001200056082001600068100002200084245002300106260003700129300000800166650001500174221030s9999 xx 000 0 und d a8129702738 aEnglish a105.23bFle aC. B. Fleddermann 0aEngineering Ethics bPearson EducationaDelhic2004 a141 aManagement